Medzinárodné zadlženie rozvojových krajín

Príčiny vzniku a vývoj zahraničnej zadlženosti rozvojových krajín. Politická a hospodárska situácia v rozvojových krajinách v 60. 70. 80. a 90. rokoch. Vývoj vonkajšieho zadlženia rozvojových krajín v rokoch 1988 - 1998. Zadlženosť rozvojových krajín a prepad ich ekonomického rastu. Prístupy k regul...

Descripción completa

Guardado en:
Detalles Bibliográficos
Autor principal: Sládková, Zuzana
Formato: Capítulo de libro
Lenguaje:eslovaco
Materias:
Etiquetas: Agregar Etiqueta
Sin Etiquetas, Sea el primero en etiquetar este registro!

MARC

LEADER 00000nla$a2200000$$$4500
001 0048645
005 20240502083130.0
041 0 |a slo 
044 |a CZ 
245 1 0 |a Medzinárodné zadlženie rozvojových krajín  |c Zuzana Sládková 
520 |a Príčiny vzniku a vývoj zahraničnej zadlženosti rozvojových krajín. Politická a hospodárska situácia v rozvojových krajinách v 60. 70. 80. a 90. rokoch. Vývoj vonkajšieho zadlženia rozvojových krajín v rokoch 1988 - 1998. Zadlženosť rozvojových krajín a prepad ich ekonomického rastu. Prístupy k regulácii zadlženosti. Program Medzinárodného menového fondu - program prísneho šetrenia. Riešenie dlhov na platforme Parížskeho a Londýnskeho klubu. Program HIPC - iniciatíva MMF a Svetovej banky k oddlženiu 30 najchudobnejších krajín. 
610 2 0 |a dlhy 
610 2 0 |a zadlženosť zahraničná 
610 2 0 |a úver 
610 2 0 |a pomoc rozvojová 
610 2 0 |a oddlženie 
610 2 0 |a dlžníci 
610 2 0 |a veritelia 
610 2 0 |a situácia hospodárska 
610 2 0 |a krajiny rozvojové 
610 2 0 |a krajiny vyspelé 
100 1 |a Sládková, Zuzana